<?xml version="1.0" encoding="UTF-8"?>
<record
    xmlns:xsi="http://www.w3.org/2001/XMLSchema-instance"
    xsi:schemaLocation="http://www.loc.gov/MARC21/slim http://www.loc.gov/standards/marcxml/schema/MARC21slim.xsd"
    xmlns="http://www.loc.gov/MARC21/slim">

  <leader>01872nab a2200265 ab4500</leader>
  <controlfield tag="005">20260526112925.0</controlfield>
  <controlfield tag="008">251016c2025    ve fr poo#   #00|   spa d</controlfield>
  <controlfield tag="003"></controlfield>
  <datafield tag="040" ind1=" " ind2=" ">
    <subfield code="a">MX-MxUPN</subfield>
    <subfield code="b">spa</subfield>
    <subfield code="c">MX-MxUPN</subfield>
    <subfield code="e">aacr2</subfield>
  </datafield>
  <datafield tag="100" ind1="1" ind2=" ">
    <subfield code="a">Morales Carrero, Jes&#xFA;s Alfredo</subfield>
    <subfield code="9">59705</subfield>
  </datafield>
  <datafield tag="245" ind1="1" ind2=" ">
    <subfield code="a">Acciones de intervenci&#xF3;n preventiva para el abordaje del acoso escolar a partir del anteproyecto de Ley de Convivencia Pac&#xED;fica Escolar</subfield>
    <subfield code="h">[recurso electr&#xF3;nico en l&#xED;nea]</subfield>
  </datafield>
  <datafield tag="506" ind1="0" ind2=" ">
    <subfield code="a">Acceso abierto</subfield>
  </datafield>
  <datafield tag="520" ind1="3" ind2=" ">
    <subfield code="a">Este ensayo como resultado de una revisi&#xF3;n documental propone dieciocho (18) acciones estrat&#xE9;gicas de intervenci&#xF3;n preventiva en materia socioeducativa para el abordaje del acoso escolar a partir del Anteproyecto de Ley de Convivencia Pac&#xED;fica Escolar, esto con la finalidad gestionar oportunamente las situaciones vejatorias de la dignidad humana y la integridad moral. Esto significa unificar esfuerzos multifactoriales que redunden en la construcci&#xF3;n de un clima escolar positivo, de las relaciones interpersonales y del desempe&#xF1;o coherente de la acci&#xF3;n pedag&#xF3;gica. Se concluye que, la intervenci&#xF3;n preventiva del acoso escolar debe comenzar por la atenci&#xF3;n psicosocial positiva que favorezca el social, afectivo y emocional a lo largo del ciclo vital, as&#xED; como el desarrollo pleno de su personalidad. </subfield>
    <subfield code="c">REDINE</subfield>
  </datafield>
  <datafield tag="650" ind1=" " ind2="4">
    <subfield code="a">Derechos humanos</subfield>
    <subfield code="9">5797</subfield>
  </datafield>
  <datafield tag="650" ind1=" " ind2="2">
    <subfield code="a">Bienestar personal</subfield>
    <subfield code="9">21516</subfield>
  </datafield>
  <datafield tag="653" ind1=" " ind2=" ">
    <subfield code="a">Convivencia socioeducativa</subfield>
  </datafield>
  <datafield tag="653" ind1=" " ind2=" ">
    <subfield code="a">Integridad moral</subfield>
  </datafield>
  <datafield tag="653" ind1=" " ind2="4">
    <subfield code="a">bienestar psicol&#xF3;gico</subfield>
  </datafield>
  <datafield tag="653" ind1=" " ind2=" ">
    <subfield code="a">Desempe&#xF1;o funcional</subfield>
  </datafield>
  <datafield tag="773" ind1=" " ind2=" ">
    <subfield code="g">Vol. 17, no. 1 (2025), p. 14-27</subfield>
    <subfield code="t">REDINE : red de investigaci&#xF3;n educativa</subfield>
    <subfield code="x">2244&#x2013;7997</subfield>
  </datafield>
  <datafield tag="856" ind1="4" ind2=" ">
    <subfield code="u">https://revistas.uclave.org/index.php/redine/article/view/5132</subfield>
  </datafield>
  <datafield tag="856" ind1="4" ind2=" ">
    <subfield code="u">https://revistas.uclave.org/index.php/redine/article/view/5132/3660</subfield>
  </datafield>
  <datafield tag="902" ind1=" " ind2=" ">
    <subfield code="a">Leonor Sotres/260526</subfield>
  </datafield>
  <datafield tag="942" ind1=" " ind2=" ">
    <subfield code="c">ART-E</subfield>
  </datafield>
  <datafield tag="952" ind1=" " ind2=" ">
    <subfield code="0">0</subfield>
    <subfield code="1">0</subfield>
    <subfield code="4">0</subfield>
    <subfield code="7">0</subfield>
    <subfield code="8">CAA</subfield>
    <subfield code="a">BCUPN50</subfield>
    <subfield code="b">BCUPN50</subfield>
    <subfield code="c">ENL</subfield>
    <subfield code="d">2026-05-26</subfield>
    <subfield code="l">0</subfield>
    <subfield code="r">2026-05-26 11:10:47</subfield>
    <subfield code="u">https://revistas.uclave.org/index.php/redine/article/view/5132/3660</subfield>
    <subfield code="w">2026-05-26</subfield>
    <subfield code="y">ART-E</subfield>
  </datafield>
  <datafield tag="999" ind1=" " ind2=" ">
    <subfield code="c">215207</subfield>
    <subfield code="d">215207</subfield>
  </datafield>
</record>
